| 000 | 00528cam a22001577a 4500 | ||
|---|---|---|---|
| 001 | 002097 | ||
| 003 | armpunfd | ||
| 005 | 20140612090658.0 | ||
| 008 | 070614e0####xx#a##########000#0#und#d | ||
| 040 |
_aarmpunfd _carmpunfd |
||
| 080 | _a340 AN 14 | ||
| 245 | 1 | 0 | _aLa academia nacional de derecho y ciencias sociales de buenos aires : su creacion |
| 260 |
_a Uenos Aires : Academia Nacional De Ciencias Sociales De Buenos Aires _b2007. Isbn : 987-97394-4-4-0. 138 P. |
||
| 942 |
_cLB _2cdu |
||
| 945 |
_aCatalis _d2010-08-19 |
||
| 999 |
_c2088 _d232592 |
||